The persistence of hierarchy: Paradoxes of dominance in Nepal and beyond (Record no. 526957)

000 -LEADER
fixed length control field 00382nam a22001217a 4500
008 - FIXED-LENGTH DATA ELEMENTS--GENERAL INFORMATION
fixed length control field 240725b ||||| |||| 00| 0 eng d
100 ## - MAIN ENTRY--PERSONAL NAME
Personal name Gellner, David N.
245 ## - TITLE STATEMENT
Title The persistence of hierarchy: Paradoxes of dominance in Nepal and beyond
260 ## - PUBLICATION, DISTRIBUTION, ETC. (IMPRINT)
Place of publication, distribution, etc Sociological Bulletin
300 ## - PHYSICAL DESCRIPTION
Extent 73(2), Apr, 2024: p.127-147
773 ## - HOST ITEM ENTRY
Main entry heading Sociological Bulletin
942 ## - ADDED ENTRY ELEMENTS (KOHA)
Item type Articles
Holdings
Withdrawn status Lost status Source of classification or shelving scheme Damaged status Not for loan Permanent location Current location Date acquired Serial Enumeration / chronology Barcode Date last seen Koha item type
          Indian Institute of Public Administration Indian Institute of Public Administration 2024-07-25 73(2), Apr, 2024: p.127-147 AR132448 2024-07-25 Articles

Powered by Koha